000 00405nam a2200145Ia 4500
008 230312s9999||||xx |||||||||||||| ||und||
020 _a969854612
082 _a658.15
_bFOU
245 0 _aCA
260 _bProfessional Business Publications
_aLahore
_c2002
300 _a674
546 _aEng.
650 _aAccounting
_vIntroduction to business and commerce, Accounting theory, Special Accounts
942 _cBK
999 _c908
_d908